000 00783pam a2200265 a 4500
008
020 _a0471510009 (hbk.)
049 _aMAIN
090 0 _aQA300
_bBAR
100 1 _aBartle, Robert Gardner.
245 1 0 _aIntroduction to real analysis /
_cRobert G. Bartle, Donald R. Sherbert.
250 _a2nd ed.
260 _aNew York :
_bWiley,
_cc1992.
300 _axi, 404 p. :
_bill. ;
_c24 cm.
504 _aIncludes bibliographical references.
500 _aIncludes index.
650 0 _aMathematical analysis.
650 0 _aFunctions of real variables.
700 1 _aSherbert, Donald R.
907 _a.b10195439
_b21-03-12
_c10-03-06
003
005 20230123134158.0
040 _cNUST
942 _cBOOKS
_kQA300
_mBAR
999 _c161422
_d161422